[Event "2. Memorial Oliver Gonzalez 2011"]
[Site "Madrid ESP"]
[Date "2011.10.13"]
[Round "6.74"]
[White "Garcia-Sanchez Navarro, Mariano"]
[Black "Sanchez Tapia, Luis G"]
[Result "0-1"]
[WhiteElo "1573"]
[BlackElo "1638"]
[PlyCount "102"]
[EventDate "2011.10.08"]
[EventType "swiss"]
[EventRounds "9"]
[EventCountry "ESP"]
[Source "lmi"]
[SourceDate "2011.10.08"]

1. f4 Nf6 2. Nf3 d5 3. e3 Bg4 4. Be2 Nbd7 5. O-O h6 6. b3 e6 7. Bb2 c5 8. Ne5
Bf5 9. c4 Qb6 10. cxd5 Nxd5 11. Nxd7 Kxd7 12. a3 Kc7 13. Bf3 Bh7 14. Nc3 Nxc3
15. Bxc3 f6 16. Rc1 Bd3 17. Rf2 Rd8 18. Be2 Kb8 19. Bxd3 Rxd3 20. Qc2 Qa6 21.
Ra1 Be7 22. b4 Rc8 23. Qb2 Qa4 24. Rb1 c4 25. e4 Qd7 26. b5 Bc5 27. a4 Qc7 28.
g3 Bxf2+ 29. Kxf2 b6 30. Kg2 Qc5 31. a5 Qh5 32. Rf1 Qe2+ 33. Rf2 Qxe4+ 34. Kg1
Rc5 35. axb6 axb6 36. Rf1 Rdd5 37. Ra1 Rxb5 38. Qa3 Rb1+ 39. Rxb1 Qxb1+ 40. Kf2
Rd7 41. Qf8+ Kb7 42. Qe8 Qd3 43. Qxe6 Qd5 44. Qe3 Kc6 45. Qe8 Kb5 46. Qf8 Qc5+
47. Qxc5+ Kxc5 48. Ke3 f5 49. Bb2 Rd3+ 50. Ke2 g6 51. Ba3+ Rxa3 0-1

[Event "2. Memorial Oliver Gonzalez 2011"]
[Site "Madrid ESP"]
[Date "2011.10.14"]
[Round "7.1"]
[White "Anton Guijarro, David"]
[Black "Lariño Nieto, David"]
[Result "1/2-1/2"]
[WhiteElo "2462"]
[BlackElo "2455"]
[PlyCount "61"]
[EventDate "2011.10.08"]
[EventType "swiss"]
[EventRounds "9"]
[EventCountry "ESP"]
[Source "lmi"]
[SourceDate "2011.10.08"]

1. d4 Nf6 2. Nf3 g6 3. g3 c5 4. c3 b6 5. Bg2 Bb7 6. Qb3 cxd4 7. Ne5 d5 8. cxd4
Bg7 9. Qa4+ Nc6 10. Nc3 Rc8 11. O-O a6 12. Nxc6 Rxc6 13. Bg5 b5 14. Qb3 Rc4 15.
e3 O-O 16. Bxf6 Bxf6 17. Rfd1 Qd6 18. a4 e6 19. Bf1 Rb4 20. Qa3 bxa4 21. Nxa4
Be7 22. Nc5 Rb6 23. Qa5 Rxb2 24. Nxb7 Rxb7 25. Qxa6 Qxa6 26. Bxa6 Rb2 27. Rdb1
Rfb8 28. Rxb2 Rxb2 29. Bd3 h5 30. h4 Rb7 31. Rb1 1/2-1/2

[Event "2. Memorial Oliver Gonzalez 2011"]
[Site "Madrid ESP"]
[Date "2011.10.14"]
[Round "7.2"]
[White "Arribas Lopez, Angel"]
[Black "Korneev, Oleg"]
[Result "1/2-1/2"]
[WhiteElo "2440"]
[BlackElo "2580"]
[PlyCount "122"]
[EventDate "2011.10.08"]
[EventType "swiss"]
[EventRounds "9"]
[EventCountry "ESP"]
[Source "lmi"]
[SourceDate "2011.10.08"]

1. e4 e5 2. f4 exf4 3. Nf3 Be7 4. Bc4 Nf6 5. e5 Ng4 6. O-O O-O 7. h3 d5 8. Bb3
c5 9. hxg4 c4 10. g5 cxb3 11. axb3 Bg4 12. d4 Bxg5 13. Qd3 f6 14. Nc3 Nc6 15.
Nh2 Bh5 16. Bxf4 Bg6 17. Qb5 Nxd4 18. Qxb7 Rf7 19. Qc6 Bxf4 20. Rxf4 fxe5 21.
Rxf7 Bxf7 22. Qb7 Nxc2 23. Rc1 d4 24. Rxc2 dxc3 25. bxc3 Qd1+ 26. Nf1 Bd5 27.
Qd7 Rf8 28. Rf2 Rxf2 29. Kxf2 Qc2+ 30. Ke1 Qxc3+ 31. Ke2 Qc6 32. Qxa7 Qc2+ 33.
Nd2 h6 34. Qb8+ Kh7 35. Qxe5 Bxg2 36. b4 Bh3 37. b5 Bd7 38. b6 Bc6 39. Qd6 h5
40. Qd3+ Qxd3+ 41. Kxd3 h4 42. Ke3 g5 43. Nf3 Kh6 44. Kf2 Ba8 45. Nd4 g4 46.
Nf5+ Kg5 47. Nd6 g3+ 48. Kf1 g2+ 49. Kf2 Kg4 50. b7 Bxb7 51. Nxb7 Kh3 52. Kg1
Kg3 53. Nd6 h3 54. Ne4+ Kf3 55. Ng5+ Kg4 56. Ne4 Kf4 57. Nf2 Kg3 58. Ne4+ Kf3
59. Ng5+ Kg4 60. Ne4 Kh4 61. Kh2 Kh5 1/2-1/2

[Event "2. Memorial Oliver Gonzalez 2011"]
[Site "Madrid ESP"]
[Date "2011.10.14"]
[Round "7.5"]
[White "Adan Bermudez, Sergio"]
[Black "Almagro Llamas, Pablo"]
[Result "0-1"]
[WhiteElo "2287"]
[BlackElo "2466"]
[PlyCount "128"]
[EventDate "2011.10.08"]
[EventType "swiss"]
[EventRounds "9"]
[EventCountry "ESP"]
[Source "lmi"]
[SourceDate "2011.10.08"]

1. c4 Nf6 2. g3 c6 3. Nf3 d5 4. b3 Bg4 5. Bg2 Nbd7 6. Bb2 e6 7. d3 Bc5 8. O-O
O-O 9. Nbd2 Qe7 10. a3 a5 11. Qc2 Rfd8 12. d4 Bd6 13. c5 Bc7 14. Qc3 h6 15. e3
Bf5 16. Nh4 Bh7 17. f4 g5 18. Nhf3 gxf4 19. exf4 Ne4 20. Nxe4 Bxe4 21. Nd2 Bxg2
22. Kxg2 f5 23. Rae1 Nf6 24. Kh1 Kh7 25. Qe3 Re8 26. Rg1 Qf7 27. Nf3 Ng4 28.
Qe2 Qh5 29. Ne5 Nf6 30. Nd7 Qxe2 31. Nxf6+ Kg6 32. Rxe2 Kxf6 33. Kg2 Ke7 34.
Kf3 h5 35. h3 Rg8 36. Reg2 Raf8 37. Bc1 b6 38. cxb6 Bxb6 39. Be3 Rb8 40. g4
hxg4+ 41. hxg4 fxg4+ 42. Rxg4 Rxg4 43. Rxg4 Bd8 44. Rg7+ Kf8 45. Rd7 Be7 46. b4
axb4 47. axb4 Rxb4 48. Rc7 Rc4 49. Ke2 Ke8 50. Kd3 Kd8 51. Ra7 Rb4 52. Bd2 Rb3+
53. Kc2 Rf3 54. Ra8+ Kd7 55. Ra7+ Ke8 56. Rc7 Bf6 57. Rxc6 Kf7 58. Rc3 Rf2 59.
Rd3 Kg6 60. Kd1 Kf5 61. Be3 Ke4 62. Rb3 Rf3 63. Rb6 Kxe3 64. Rxe6+ Kd3 0-1

[Event "2. Memorial Oliver Gonzalez 2011"]
[Site "Madrid ESP"]
[Date "2011.10.14"]
[Round "7.6"]
[White "Luukkonen, Tommi"]
[Black "Herraiz Hidalgo, Herminio"]
[Result "0-1"]
[WhiteElo "2256"]
[BlackElo "2464"]
[PlyCount "72"]
[EventDate "2011.10.08"]
[EventType "swiss"]
[EventRounds "9"]
[EventCountry "ESP"]
[Source "lmi"]
[SourceDate "2011.10.08"]

1. d4 Nf6 2. c4 c5 3. d5 e6 4. Nc3 exd5 5. cxd5 d6 6. e4 g6 7. f4 Bg7 8. Bb5+
Nfd7 9. a4 O-O 10. Nf3 Na6 11. O-O Nb4 12. Re1 a6 13. Bf1 Re8 14. h3 f5 15. Qb3
fxe4 16. Nxe4 Nf6 17. Nxf6+ Bxf6 18. Rxe8+ Qxe8 19. Bd2 Qe4 20. Rc1 Bd7 21. Rc4
Qe8 22. Ng5 Bxa4 23. Qg3 Qd7 24. Bc3 Nxd5 25. Bxf6 Nxf6 26. f5 Bb5 27. fxg6
hxg6 28. Ne4 Rf8 29. Nxd6 Kg7 30. Bd3 Bxc4 31. Qxg6+ Kh8 32. Bxc4 b5 33. Bf7
Qe7 34. Ba2 c4 35. Qh6+ Nh7 36. Qd2 Rf6 0-1

[Event "2. Memorial Oliver Gonzalez 2011"]
[Site "Madrid ESP"]
[Date "2011.10.14"]
[Round "7.7"]
[White "Barria Zuñiga, Daniel"]
[Black "Garcia Pichon, Eduardo"]
[Result "0-1"]
[WhiteElo "2443"]
[BlackElo "2283"]
[PlyCount "112"]
[EventDate "2011.10.08"]
[EventType "swiss"]
[EventRounds "9"]
[EventCountry "ESP"]
[Source "lmi"]
[SourceDate "2011.10.08"]

1. d4 d5 2. c4 e6 3. Nf3 c5 4. cxd5 exd5 5. Bg5 Be7 6. Bxe7 Nxe7 7. dxc5 Na6 8.
e3 Nxc5 9. Bb5+ Bd7 10. Bxd7+ Qxd7 11. Nc3 O-O 12. O-O Rfd8 13. Qd4 Ne6 14. Qg4
Rac8 15. Rfd1 Rc4 16. Qxc4 dxc4 17. Rxd7 Rxd7 18. Ne5 Rc7 19. Rd1 b5 20. f4 b4
21. Nb5 Rc5 22. Nd4 h6 23. Nxe6 fxe6 24. e4 c3 25. bxc3 bxc3 26. Rc1 Nc8 27.
Kf2 Nb6 28. Ke3 Na4 29. Rc2 Rc8 30. Nf3 Kf7 31. Nd4 Nb2 32. Nb5 Nd1+ 33. Kd4
Rb8 34. Nxc3 Nxc3 35. Kxc3 Rb1 36. Kd2 Rg1 37. Rc7+ Kg6 38. Rxa7 Rxg2+ 39. Ke3
Rxh2 40. Kd4 Kf6 41. Ra6 Ke7 42. a4 Rh4 43. Ke3 g5 44. fxg5 hxg5 45. a5 Kf6 46.
Rb6 Rh3+ 47. Kd4 Ra3 48. Rb5 g4 49. Kc5 g3 50. Kb6 g2 51. Rb1 Rb3+ 52. Rxb3
g1=Q+ 53. Kb7 Qd4 54. a6 Qxe4+ 55. Kb8 Qe5+ 56. Kc8 Qa5 0-1

[Event "2. Memorial Oliver Gonzalez 2011"]
[Site "Madrid ESP"]
[Date "2011.10.14"]
[Round "7.8"]
[White "Roa Alonso, Santiago"]
[Black "Moreno Tejera, Emilio"]
[Result "1-0"]
[WhiteElo "2420"]
[BlackElo "2280"]
[PlyCount "97"]
[EventDate "2011.10.08"]
[EventType "swiss"]
[EventRounds "9"]
[EventCountry "ESP"]
[Source "lmi"]
[SourceDate "2011.10.08"]

1. d4 f5 2. g3 Nf6 3. Bg2 d6 4. Nf3 g6 5. O-O Bg7 6. c4 O-O 7. Nc3 c6 8. b3 Qa5
9. Bd2 Qc7 10. Qc1 e5 11. Bh6 Ng4 12. Bxg7 Qxg7 13. dxe5 dxe5 14. e3 Na6 15.
Qa3 e4 16. Nd4 Qh6 17. h3 Nxe3 18. Qc1 f4 19. fxe3 f3 20. Nxe4 fxg2 21. Rxf8+
Qxf8 22. Kxg2 c5 23. Nb5 Bxh3+ 24. Kxh3 Qf5+ 25. Kh2 Qxe4 26. Qd2 Nb4 27. Rf1
Qe7 28. Nc3 Rd8 29. Nd5 Nxd5 30. cxd5 Qe5 31. Rd1 Rd6 32. Qd3 Kg7 33. e4 b6 34.
Rf1 h5 35. Kg2 Rd7 36. Qf3 Kh7 37. Qf4 Qd4 38. Rf2 Re7 39. Re2 Kg7 40. d6 Rf7
41. Qd2 Kf6 42. e5+ Ke6 43. Qc2 Qd5+ 44. Kh2 Rf1 45. Qxg6+ Kd7 46. e6+ Kxd6 47.
e7+ Kc7 48. Qe4 Rf2+ 49. Kg1 1-0

[Event "2. Memorial Oliver Gonzalez 2011"]
[Site "Madrid ESP"]
[Date "2011.10.14"]
[Round "7.9"]
[White "Candela Perez, Jose"]
[Black "Garcia Saez, Juan Carlos"]
[Result "1-0"]
[WhiteElo "2418"]
[BlackElo "2070"]
[PlyCount "81"]
[EventDate "2011.10.08"]
[EventType "swiss"]
[EventRounds "9"]
[EventCountry "ESP"]
[Source "lmi"]
[SourceDate "2011.10.08"]

1. d4 Nf6 2. c4 g6 3. Nc3 Bg7 4. e4 d6 5. Nf3 O-O 6. Be2 Nbd7 7. Bg5 c5 8. d5
Ne8 9. O-O Ne5 10. Nd2 f6 11. Bh4 Qb6 12. Rb1 Bd7 13. f4 Nf7 14. Nf3 a6 15. Qd2
Nc7 16. Bd3 Bg4 17. Ne1 Bd7 18. h3 Qa7 19. Bf2 a5 20. Nf3 Rab8 21. a4 Na6 22.
Rbe1 Nb4 23. Bb1 e5 24. dxe6 Bxe6 25. b3 b6 26. f5 Bd7 27. fxg6 hxg6 28. Nh4 g5
29. Nf5 Rbd8 30. Ne7+ Kh8 31. Ng6+ Kg8 32. Nxf8 Kxf8 33. Bg3 Bc6 34. Nd5 Bxd5
35. exd5 Kg8 36. Re6 Kf8 37. Qe2 Qd7 38. Bf5 Qc7 39. Bg6 Qd7 40. Rexf6 Bxf6 41.
Rxf6 1-0

[Event "2. Memorial Oliver Gonzalez 2011"]
[Site "Madrid ESP"]
[Date "2011.10.14"]
[Round "7.12"]
[White "Perez Mitjans, Orelvis"]
[Black "Blanco Sanchez, Jose Fernando"]
[Result "1-0"]
[WhiteElo "2451"]
[BlackElo "2115"]
[PlyCount "81"]
[EventDate "2011.10.08"]
[EventType "swiss"]
[EventRounds "9"]
[EventCountry "ESP"]
[Source "lmi"]
[SourceDate "2011.10.08"]

1. e4 d6 2. d4 Nf6 3. f3 e5 4. d5 Be7 5. Be3 O-O 6. Bd3 c6 7. c4 cxd5 8. cxd5
Nh5 9. Ne2 Bg5 10. Bf2 Na6 11. Nbc3 b6 12. a3 Nc5 13. Bc2 g6 14. b4 Nd7 15. Ba4
f5 16. Bc6 Rb8 17. O-O fxe4 18. Nxe4 Qe7 19. a4 Bh6 20. a5 Ndf6 21. axb6 axb6
22. N2c3 Nxe4 23. Nxe4 Bf5 24. Re1 Bxe4 25. Rxe4 Rf4 26. b5 Rxe4 27. fxe4 Nf4
28. Qg4 Bf8 29. g3 Nd3 30. Be3 Nc5 31. h4 Kh8 32. Bxc5 bxc5 33. Qd7 Kg7 34. Ra7
Kf6 35. g4 Qxd7 36. g5+ Kf7 37. Rxd7+ Be7 38. Kf2 Rd8 39. Rb7 Kf8 40. b6 Ra8
41. Rc7 1-0

[Event "2. Memorial Oliver Gonzalez 2011"]
[Site "Madrid ESP"]
[Date "2011.10.14"]
[Round "7.14"]
[White "Martin Duque, Jesus"]
[Black "Pogorelov, Ruslan"]
[Result "0-1"]
[WhiteElo "2136"]
[BlackElo "2401"]
[PlyCount "40"]
[EventDate "2011.10.08"]
[EventType "swiss"]
[EventRounds "9"]
[EventCountry "ESP"]
[Source "lmi"]
[SourceDate "2011.10.08"]

1. d4 Nf6 2. c4 e6 3. Nc3 Bb4 4. e3 Bxc3+ 5. bxc3 O-O 6. Bd3 d6 7. Nf3 c5 8.
O-O Nc6 9. e4 e5 10. d5 Ne7 11. Ne1 h6 12. f4 exf4 13. Bxf4 Ng6 14. Bg3 Ng4 15.
Qe2 N4e5 16. Nf3 Qe7 17. Rae1 Bd7 18. Nxe5 Nxe5 19. Bxe5 Qxe5 20. Bc2 f6 0-1

[Event "2. Memorial Oliver Gonzalez 2011"]
[Site "Madrid ESP"]
[Date "2011.10.14"]
[Round "7.15"]
[White "Lopez De Turiso Sanchez, Jose A"]
[Black "Martinez Martin, David"]
[Result "0-1"]
[WhiteElo "2084"]
[BlackElo "2401"]
[PlyCount "76"]
[EventDate "2011.10.08"]
[EventType "swiss"]
[EventRounds "9"]
[EventCountry "ESP"]
[Source "lmi"]
[SourceDate "2011.10.08"]

1. c4 g6 2. Nc3 Bg7 3. g3 Nf6 4. e4 O-O 5. Bg2 e5 6. Nge2 d6 7. O-O Be6 8. d3
Qd7 9. f4 exf4 10. e5 dxe5 11. Bxb7 Nc6 12. Bxa8 Rxa8 13. gxf4 Bh3 14. Rf3 Nh5
15. Kh1 Bg4 16. Rf2 Re8 17. Qa4 e4 18. dxe4 Bd4 19. Nxd4 Qxd4 20. Qc2 Nb4 21.
Qd2 Nd3 22. Rf1 f5 23. e5 Qxc4 24. b3 Qc6+ 25. Kg1 Nhxf4 26. Rxf4 Nxf4 27. Qxf4
Qxc3 28. Rb1 Qe1+ 29. Kg2 Rxe5 30. Qc4+ Re6 31. Bh6 Qe2+ 32. Qxe2 Rxe2+ 33. Kg3
Rc2 34. Re1 Kf7 35. Re5 Kf6 36. Ra5 g5 37. Rxa7 Kg6 38. Bf8 h5 0-1

[Event "2. Memorial Oliver Gonzalez 2011"]
[Site "Madrid ESP"]
[Date "2011.10.14"]
[Round "7.16"]
[White "Hernando Pertierra, Jose C"]
[Black "Cabañas Bravo, Juan Andres"]
[Result "1-0"]
[WhiteElo "2383"]
[BlackElo "2065"]
[PlyCount "63"]
[EventDate "2011.10.08"]
[EventType "swiss"]
[EventRounds "9"]
[EventCountry "ESP"]
[Source "lmi"]
[SourceDate "2011.10.08"]

1. Nf3 Nf6 2. c4 g6 3. b3 Bg7 4. Bb2 O-O 5. g3 b6 6. Bg2 Bb7 7. O-O c5 8. d4
cxd4 9. Qxd4 Nh5 10. Qd2 Na6 11. Bxg7 Nxg7 12. Nc3 Nc5 13. Rfd1 d6 14. Qf4 Nce6
15. Qd2 Rc8 16. e4 Nc5 17. Re1 Qd7 18. Rad1 Rcd8 19. Nd5 f6 20. b4 Nce6 21. Bh3
Qe8 22. Qd3 h5 23. Nh4 Ng5 24. Bg2 e5 25. Nxg6 Rf7 26. Nge7+ Kh8 27. Nf5 N7e6
28. h4 Nh7 29. Bf3 Bxd5 30. exd5 Ng7 31. Be4 Qa4 32. Nh6 1-0

[Event "2. Memorial Oliver Gonzalez 2011"]
[Site "Madrid ESP"]
[Date "2011.10.14"]
[Round "7.18"]
[White "Perez Gonzalez, Jose Manuel"]
[Black "Aragon Gutierrez, Alejandro"]
[Result "1-0"]
[WhiteElo "2304"]
[BlackElo "1732"]
[PlyCount "61"]
[EventDate "2011.10.08"]
[EventType "swiss"]
[EventRounds "9"]
[EventCountry "ESP"]
[Source "lmi"]
[SourceDate "2011.10.08"]

1. e4 e6 2. d4 d5 3. Nc3 Nf6 4. Bg5 Be7 5. e5 Nfd7 6. h4 a6 7. Qg4 Bxg5 8. hxg5
c5 9. Nf3 Nc6 10. g6 f5 11. Qg3 h6 12. Ng5 Qe7 13. Nf7 Rf8 14. dxc5 Nxc5 15.
O-O-O b5 16. Bd3 Rb8 17. Ne2 Rg8 18. Qe3 Kf8 19. Nd4 Bd7 20. Be2 Bc8 21. Bh5
Nd8 22. Nd6 Ndb7 23. Nxb7 Rxb7 24. g4 Bd7 25. gxf5 exf5 26. e6 Nxe6 27. Rhe1
Rb6 28. Nxf5 Qg5 29. Qxg5 Nxg5 30. Rxd5 Rb7 31. Re7 1-0

[Event "2. Memorial Oliver Gonzalez 2011"]
[Site "Madrid ESP"]
[Date "2011.10.14"]
[Round "7.24"]
[White "Madina Yadarola, Martin"]
[Black "Paredes Mancha, Antonio"]
[Result "1-0"]
[WhiteElo "2269"]
[BlackElo "2027"]
[PlyCount "69"]
[EventDate "2011.10.08"]
[EventType "swiss"]
[EventRounds "9"]
[EventCountry "ESP"]
[Source "lmi"]
[SourceDate "2011.10.08"]

1. d4 Nf6 2. Nf3 e6 3. e3 c5 4. Bd3 Nc6 5. O-O d5 6. b3 cxd4 7. exd4 Be7 8. a3
O-O 9. Bb2 Qc7 10. Nbd2 Qf4 11. Qe2 Rd8 12. g3 Qc7 13. Ne1 Qb6 14. Nef3 Bd7 15.
b4 Rdc8 16. c4 Bf8 17. c5 Qd8 18. b5 Ne7 19. Ne5 Be8 20. f4 g6 21. g4 h5 22. h3
a6 23. b6 Bg7 24. Kh2 hxg4 25. hxg4 Nc6 26. Rad1 Nd7 27. Kg2 Ndxe5 28. fxe5 Na5
29. Nf3 Bb5 30. Bc1 Qd7 31. Ng5 Rf8 32. Qe1 Nb3 33. Qh4 Rfe8 34. Bxb5 Qxb5 35.
Qh7+ 1-0

[Event "2. Memorial Oliver Gonzalez 2011"]
[Site "Madrid ESP"]
[Date "2011.10.14"]
[Round "7.25"]
[White "Ronka, Erik"]
[Black "Ortega Ruiz, Jose M"]
[Result "0-1"]
[WhiteElo "2029"]
[BlackElo "2266"]
[PlyCount "86"]
[EventDate "2011.10.08"]
[EventType "swiss"]
[EventRounds "9"]
[EventCountry "ESP"]
[Source "lmi"]
[SourceDate "2011.10.08"]

1. d4 Nf6 2. c4 e5 3. dxe5 Ng4 4. e3 Nxe5 5. Nh3 g5 6. Qh5 d6 7. Qxg5 Bxh3 8.
Qxd8+ Kxd8 9. gxh3 Bg7 10. Nc3 Na6 11. f4 Nf3+ 12. Kf2 Nh4 13. Bd2 Nc5 14. Rg1
Bxc3 15. Bxc3 Ne4+ 16. Ke2 Nxc3+ 17. bxc3 Ke7 18. Rg4 Ng6 19. Kf2 b6 20. Bd3 a5
21. a4 Kf6 22. Rag1 Rae8 23. R1g3 Nf8 24. h4 Ne6 25. h5 Nc5 26. Bc2 Ne4+ 27.
Bxe4 Rxe4 28. f5 Re5 29. e4 Rhe8 30. Re3 h6 31. Ke2 c6 32. Kd3 d5 33. cxd5 cxd5
34. Kd4 Rd8 35. exd5 Rdxd5+ 36. Kc4 Rc5+ 37. Kd3 Rxe3+ 38. Kxe3 Rxc3+ 39. Kd4
Rh3 40. Kd5 Rxh2 41. Rc4 Kxf5 42. Kd6 Re2 43. Kc7 Re6 0-1

[Event "2. Memorial Oliver Gonzalez 2011"]
[Site "Madrid ESP"]
[Date "2011.10.14"]
[Round "7.26"]
[White "Gonzalez Mateo, Rafael"]
[Black "Avendaño Mateos, Jose"]
[Result "1/2-1/2"]
[WhiteElo "2186"]
[BlackElo "2002"]
[PlyCount "53"]
[EventDate "2011.10.08"]
[EventType "swiss"]
[EventRounds "9"]
[EventCountry "ESP"]
[Source "lmi"]
[SourceDate "2011.10.08"]

1. d4 d5 2. c3 c6 3. Nf3 e6 4. Bg5 Qc7 5. Nbd2 f5 6. e3 Bd6 7. Bh4 Nd7 8. Bd3
Ngf6 9. Bg3 O-O 10. Ng5 Re8 11. Bxd6 Qxd6 12. f4 c5 13. O-O h6 14. Ngf3 c4 15.
Bc2 Ne4 16. Ne5 Nxe5 17. fxe5 Qe7 18. Nxe4 fxe4 19. b3 b5 20. a4 Bd7 21. axb5
cxb3 22. Bxb3 Bxb5 23. Rf2 Bd3 24. Raa2 a6 25. Bc2 Bc4 26. Bb3 Bd3 27. Bc2
1/2-1/2

[Event "2. Memorial Oliver Gonzalez 2011"]
[Site "Madrid ESP"]
[Date "2011.10.14"]
[Round "7.27"]
[White "Recuenco Andres, Javier"]
[Black "Vazquez Torres, Adrian"]
[Result "0-1"]
[WhiteElo "1976"]
[BlackElo "2148"]
[PlyCount "60"]
[EventDate "2011.10.08"]
[EventType "swiss"]
[EventRounds "9"]
[EventCountry "ESP"]
[Source "lmi"]
[SourceDate "2011.10.08"]

1. e4 c5 2. Nc3 d6 3. Bc4 Nc6 4. Nge2 g6 5. d4 cxd4 6. Nxd4 Bg7 7. Nxc6 bxc6 8.
Qf3 Nf6 9. h3 O-O 10. O-O Nd7 11. Bf4 Ne5 12. Bxe5 Bxe5 13. Rab1 Qa5 14. Qd3
Rb8 15. f4 Bg7 16. f5 Rb4 17. Kh1 d5 18. exd5 Bxf5 19. Rxf5 gxf5 20. a3 Rb6 21.
Qxf5 e6 22. Qg5 cxd5 23. Bd3 Kh8 24. Rf1 Rxb2 25. Ne4 Qd8 26. Nf6 Bxf6 27. Rxf6
Rb1+ 28. Kh2 Qd6+ 29. g3 Qc5 30. Bf1 Qxc2+ 0-1

[Event "2. Memorial Oliver Gonzalez 2011"]
[Site "Madrid ESP"]
[Date "2011.10.14"]
[Round "7.28"]
[White "Barajas Fernandez, Helios"]
[Black "Pablos Tenrero, Raquel"]
[Result "0-1"]
[WhiteElo "2104"]
[BlackElo "1947"]
[PlyCount "106"]
[EventDate "2011.10.08"]
[EventType "swiss"]
[EventRounds "9"]
[EventCountry "ESP"]
[Source "lmi"]
[SourceDate "2011.10.08"]

1. e4 e5 2. Nf3 Nc6 3. d4 exd4 4. Nxd4 Nf6 5. Nxc6 bxc6 6. e5 Qe7 7. Qe2 Nd5 8.
c4 Nb6 9. Nc3 Bb7 10. Bf4 g6 11. O-O-O Bg7 12. Bg3 O-O 13. f4 Rfe8 14. Qc2 d6
15. c5 dxc5 16. Ne4 Nd5 17. Qxc5 Qxc5+ 18. Nxc5 Bc8 19. Ba6 Bh6 20. Bxc8 Raxc8
21. Nd3 Rb8 22. Rhe1 g5 23. Re4 f5 24. Ra4 gxf4 25. Bxf4 Nxf4 26. Nxf4 Rxe5 27.
Rd2 Re4 28. Rxe4 fxe4 29. g3 Rf8 30. Rf2 Kg7 31. Kd1 Bxf4 32. gxf4 Kf6 33. Rc2
Kf5 34. Rxc6 Rf7 35. Ke2 Kxf4 36. Ra6 Rg7 37. Kf1 Rd7 38. Ke2 Rg7 39. Kf1 c5
40. Rc6 Rg5 41. Rc7 Rh5 42. Kg2 Ke3 43. Rxa7 Ke2 44. a4 e3 45. Re7 Rg5+ 46. Kh3
Kd2 47. Rd7+ Ke1 48. a5 Rg6 49. Rxh7 e2 50. Re7 Rd6 51. a6 Rxa6 52. Kg2 Rb6 53.
Kf3 Rb3+ 0-1

[Event "2. Memorial Oliver Gonzalez 2011"]
[Site "Madrid ESP"]
[Date "2011.10.14"]
[Round "7.31"]
[White "Gomez Ferrer, Jesus"]
[Black "Pinel Mirasierra, Jose Pablo"]
[Result "0-1"]
[WhiteElo "1942"]
[BlackElo "2097"]
[PlyCount "178"]
[EventDate "2011.10.08"]
[EventType "swiss"]
[EventRounds "9"]
[EventCountry "ESP"]
[Source "lmi"]
[SourceDate "2011.10.08"]

1. e4 c6 2. d4 d5 3. e5 Bf5 4. Nf3 e6 5. Be2 Nd7 6. O-O c5 7. c3 Ne7 8. Bf4 Nc6
9. dxc5 Bxc5 10. Qa4 O-O 11. b4 Nb6 12. Qb3 Be7 13. Nd4 Nxd4 14. cxd4 Rc8 15.
Na3 Nc4 16. Nxc4 dxc4 17. Qc3 Qd5 18. Rfe1 Rfd8 19. Be3 Be4 20. Bf1 Rd7 21. a4
Bf8 22. f3 Bg6 23. Rac1 Rdc7 24. Bf2 b5 25. a5 Rd7 26. g3 Be7 27. Bg2 Rdc7 28.
Re2 Bd3 29. f4 Qd8 30. Rb2 Rd7 31. d5 exd5 32. Bd4 Bf5 33. Bf3 Bf8 34. Re1 Qe7
35. g4 Bd3 36. Re3 Re8 37. f5 Qg5 38. Re1 Qf4 39. Kg2 a6 40. h3 h5 41. gxh5
Bxf5 42. Qe3 Qxe3 43. Rxe3 Re6 44. Bg4 Bxg4 45. hxg4 Be7 46. Kf3 f6 47. exf6
Rxe3+ 48. Kxe3 Bxf6 49. Bxf6 gxf6 50. Kd4 Rg7 51. Kxd5 Rxg4 52. Ke6 Kg7 53. h6+
Kxh6 54. Kxf6 Rf4+ 55. Ke5 Kg5 56. Kd5 c3 57. Rc2 Rxb4 58. Rxc3 Ra4 59. Kc5
Rxa5 60. Kb4 Ra4+ 61. Kb3 Kf5 62. Rd3 Ke4 63. Rh3 Rd4 64. Rh4+ Kd5 65. Rh5+ Kc6
66. Rh6+ Rd6 67. Rh3 a5 68. Rc3+ Kb6 69. Rf3 a4+ 70. Kb4 Rd4+ 71. Kc3 Rc4+ 72.
Kb2 b4 73. Rf6+ Kb5 74. Rf5+ Rc5 75. Rf8 a3+ 76. Kb3 Rc3+ 77. Ka2 Rc2+ 78. Kb1
Rg2 79. Rf7 Re2 80. Rf8 b3 81. Rb8+ Kc4 82. Rc8+ Kd5 83. Rd8+ Kc6 84. Rd1 Re3
85. Kc1 Rc3+ 86. Kb1 Kc5 87. Rf1 Kb4 88. Rf4+ Rc4 89. Rf6 a2+ 0-1

[Event "2. Memorial Oliver Gonzalez 2011"]
[Site "Madrid ESP"]
[Date "2011.10.14"]
[Round "7.32"]
[White "Garcia Serrano, Jose M. Ii"]
[Black "Davicce Cañada, Juan Antonio"]
[Result "0-1"]
[WhiteElo "1898"]
[BlackElo "2088"]
[PlyCount "54"]
[EventDate "2011.10.08"]
[EventType "swiss"]
[EventRounds "9"]
[EventCountry "ESP"]
[Source "lmi"]
[SourceDate "2011.10.08"]

1. e4 c6 2. Nf3 d5 3. Nc3 Bg4 4. h3 Bxf3 5. Qxf3 Nf6 6. e5 Nfd7 7. d4 e6 8. Bd3
c5 9. Be3 Nc6 10. Bb5 Nxd4 11. Bxd4 cxd4 12. Nxd5 exd5 13. Qxd5 Qc7 14. e6 fxe6
15. Qxe6+ Be7 16. O-O Qd6 17. Qxd6 Bxd6 18. Rfe1+ Kd8 19. Re4 Bc5 20. b4 Nf6
21. Rf4 Bb6 22. Rd1 a6 23. Ba4 Rc8 24. Rf3 Nd5 25. Rf7 Rc7 26. Rxc7 Kxc7 27. c4
Nxb4 0-1

[Event "2. Memorial Oliver Gonzalez 2011"]
[Site "Madrid ESP"]
[Date "2011.10.14"]
[Round "7.34"]
[White "Balsinde Montemayor, Pablo"]
[Black "Suarez Triguero, Jose Alfonso"]
[Result "0-1"]
[WhiteElo "1788"]
[BlackElo "2079"]
[PlyCount "37"]
[EventDate "2011.10.08"]
[EventType "swiss"]
[EventRounds "9"]
[EventCountry "ESP"]
[Source "lmi"]
[SourceDate "2011.10.08"]

1. d4 Nf6 2. c4 d6 3. Nc3 e5 4. d5 Nbd7 5. e4 Nc5 6. Qc2 a5 7. Be2 Be7 8. f4
exf4 9. Bxf4 Ng4 10. Bxg4 Bxg4 11. Nf3 Bxf3 12. gxf3 Bh4+ 13. Bg3 Qg5 14. Kf2
O-O 15. Rae1 Rae8 16. Na4 Nxa4 17. Qxa4 f5 18. exf5 Qd2+ 19. Kf1 0-1

[Event "2. Memorial Oliver Gonzalez 2011"]
[Site "Madrid ESP"]
[Date "2011.10.14"]
[Round "7.35"]
[White "Madurga Lopez, Ignacio"]
[Black "Fernandez Gil, Ruben Carlos"]
[Result "1-0"]
[WhiteElo "2057"]
[BlackElo "1878"]
[PlyCount "73"]
[EventDate "2011.10.08"]
[EventType "swiss"]
[EventRounds "9"]
[EventCountry "ESP"]
[Source "lmi"]
[SourceDate "2011.10.08"]

1. e4 c5 2. d4 cxd4 3. c3 dxc3 4. Nxc3 d6 5. Bc4 Nf6 6. Nf3 e6 7. O-O Be7 8.
Qe2 Nc6 9. Rd1 Nd7 10. Bf4 e5 11. Be3 Nf6 12. h3 O-O 13. b4 a6 14. Rd2 b5 15.
Bb3 Be6 16. Bxe6 fxe6 17. Qd1 Qc8 18. Qb3 h6 19. Rc2 Qd7 20. Rd1 Kf7 21. Rcd2
Qc7 22. g4 Nd8 23. g5 Nh5 24. gxh6 gxh6 25. Bxh6 Rg8+ 26. Kh2 Rc8 27. Rc1 Rg6
28. Be3 Nc6 29. Nd5 exd5 30. Qxd5+ Kg7 31. Rdc2 Rf8 32. Rxc6 Qd7 33. Nxe5 Rxf2+
34. Bxf2 Rg2+ 35. Kxg2 Nf4+ 36. Kg1 Qxh3 37. Qf7+ 1-0